[Event "Deutsche Ländermeisterschaft 2023"]
[Site "Hannover GER"]
[Date "2023.10.03"]
[Round "5"]
[White "Chassard, Cedric"]
[Black "Kallweit, Paul"]
[Result "0-1"]
[Termination "normal"]
[Board "7.1"]
[WhiteTitle "FM"]
[WhiteElo "2349"]
[BlackElo "1900"]
[WhiteClock "00:05:00"]
[BlackClock "00:02:26"]
[WhiteTeam "Saarland & Friends"]
[BlackTeam "Mecklenburg-Vorpommern"]
[PlyCount "86"]
[WhiteFideId "16243536"]
[BlackFideId "16228081"]
[EventCountry "GER"]
[EventRounds "7"]
[EventType "team-swiss"]
[EventDate "2023.09.30"]

1. e4 {[%clk 01:30:30]} {[%emt 00:00:28]} c6 {[%clk 01:30:45]} {[%emt
00:00:17]} 2. d4 {[%clk 01:30:47]} {[%emt 00:00:12]} d5 {[%clk 01:31:11]}
{[%emt 00:00:05]} 3. e5 {[%clk 01:31:09]} {[%emt 00:00:08]} Bf5 {[%clk
01:31:37]} {[%emt 00:00:04]} 4. Nf3 {[%clk 01:31:26]} {[%emt 00:00:13]} e6
{[%clk 01:32:01]} {[%emt 00:00:06]} 5. Be2 {[%clk 01:31:51]} {[%emt 00:00:05]}
c5 {[%clk 01:32:21]} {[%emt 00:00:10]} 6. Be3 {[%clk 01:31:21]} {[%emt
00:00:59]} cxd4 {[%clk 01:32:48]} {[%emt 00:00:04]} 7. Nxd4 {[%clk 01:31:43]}
{[%emt 00:00:08]} Ne7 {[%clk 01:33:15]} {[%emt 00:00:04]} 8. Bb5+ {[%clk
01:30:58]} {[%emt 00:01:13]} Nbc6 {[%clk 01:27:01]} {[%emt 00:06:43]} 9. O-O
{[%clk 01:30:28]} {[%emt 00:01:00]} a6 {[%clk 01:15:04]} {[%emt 00:12:28]} 10.
Bxc6+ {[%clk 01:30:19]} {[%emt 00:00:39]} bxc6 {[%clk 01:15:23]} {[%emt
00:00:10]} 11. c4 {[%clk 01:29:06]} {[%emt 00:01:43]} Qd7 {[%clk 01:04:57]}
{[%emt 00:10:57]} 12. Nc3 {[%clk 01:28:30]} {[%emt 00:01:05]} dxc4 {[%clk
00:55:55]} {[%emt 00:09:32]} 13. Na4 {[%clk 01:26:44]} {[%emt 00:02:15]} Rd8
{[%clk 00:33:48]} {[%emt 00:22:38]} 14. Nb6 {[%clk 01:19:03]} {[%emt 00:08:10]}
Qb7 {[%clk 00:30:15]} {[%emt 00:04:04]} 15. Nxc4 {[%clk 01:18:57]} {[%emt
00:00:36]} Nd5 {[%clk 00:28:06]} {[%emt 00:02:39]} 16. Nxf5 {[%clk 01:16:36]}
{[%emt 00:02:52]} exf5 {[%clk 00:27:54]} {[%emt 00:00:42]} 17. Bg5 {[%clk
01:14:53]} {[%emt 00:02:12]} Rd7 {[%clk 00:22:03]} {[%emt 00:06:20]} 18. Qe2
{[%clk 01:11:40]} {[%emt 00:03:43]} Nc7 {[%clk 00:20:51]} {[%emt 00:01:43]} 19.
Nd6+ {[%clk 01:05:46]} {[%emt 00:06:25]} Bxd6 {[%clk 00:21:14]} {[%emt
00:00:07]} 20. exd6+ {[%clk 01:06:13]} {[%emt 00:00:03]} Ne6 {[%clk 00:21:38]}
{[%emt 00:00:06]} 21. Be7 {[%clk 01:06:29]} {[%emt 00:00:14]} Qb5 {[%clk
00:18:36]} {[%emt 00:03:32]} 22. Qe3 {[%clk 00:58:41]} {[%emt 00:08:18]} Rb7
{[%clk 00:18:03]} {[%emt 00:01:03]} 23. Rac1 {[%clk 00:57:24]} {[%emt
00:01:47]} Kd7 {[%clk 00:16:18]} {[%emt 00:02:14]} 24. Rc3 {[%clk 00:56:51]}
{[%emt 00:01:04]} Qxb2 {[%clk 00:09:20]} {[%emt 00:07:27]} 25. Rfc1 {[%clk
00:47:55]} {[%emt 00:09:25]} Rc8 {[%clk 00:08:42]} {[%emt 00:01:09]} 26. Qd3
{[%clk 00:46:49]} {[%emt 00:01:37]} Qb5 {[%clk 00:07:32]} {[%emt 00:01:39]} 27.
Qe3 {[%clk 00:44:19]} {[%emt 00:03:01]} c5 {[%clk 00:04:11]} {[%emt 00:03:51]}
28. Re1 {[%clk 00:31:43]} {[%emt 00:13:06]} c4 {[%clk 00:03:24]} {[%emt
00:01:17]} 29. h4 {[%clk 00:27:35]} {[%emt 00:04:38]} Qd5 {[%clk 00:03:02]}
{[%emt 00:00:50]} 30. Rec1 {[%clk 00:23:47]} {[%emt 00:04:20]} Qd4 {[%clk
00:01:56]} {[%emt 00:01:36]} 31. Qf3 {[%clk 00:22:54]} {[%emt 00:01:23]} Rb5
{[%clk 00:02:03]} {[%emt 00:00:23]} 32. a4 {[%clk 00:20:34]} {[%emt 00:02:49]}
Rb2 {[%clk 00:02:18]} {[%emt 00:00:15]} 33. Qxf5 {[%clk 00:19:55]} {[%emt
00:01:10]} Qf4 {[%clk 00:02:15]} {[%emt 00:00:33]} 34. Qxf4 {[%clk 00:15:30]}
{[%emt 00:04:55]} Nxf4 {[%clk 00:02:44]} {[%emt 00:00:01]} 35. Kf1 {[%clk
00:13:02]} {[%emt 00:02:58]} Ne2 {[%clk 00:01:18]} {[%emt 00:01:55]} 36. R3c2
{[%clk 00:12:54]} {[%emt 00:00:39]} Rxc2 {[%clk 00:01:32]} {[%emt 00:00:16]}
37. Rxc2 {[%clk 00:13:23]} Nd4 {[%clk 00:01:26]} {[%emt 00:00:36]} 38. Rd2
{[%clk 00:09:15]} {[%emt 00:04:38]} Nb3 {[%clk 00:01:14]} {[%emt 00:00:43]} 39.
Rb2 {[%clk 00:08:44]} {[%emt 00:01:01]} f6 {[%clk 00:01:28]} {[%emt 00:00:16]}
40. Ke1 {[%clk 00:06:40]} {[%emt 00:02:34]} c3 {[%clk 00:01:22]} {[%emt
00:00:36]} 41. Rxb3 {[%clk 00:04:31]} {[%emt 00:02:39]} c2 {[%clk 00:01:47]}
{[%emt 00:00:04]} 42. Rb7+ {[%clk 00:04:57]} {[%emt 00:00:04]} Ke6 {[%clk
00:02:06]} {[%emt 00:00:12]} 43. d7 {[%clk 00:05:00]} {[%emt 00:00:27]} c1=Q+
{[%clk 00:02:26]} {[%emt 00:00:10]} 0-1

[Event "Deutsche Ländermeisterschaft 2023"]
[Site "Hannover GER"]
[Date "2023.10.03"]
[Round "5"]
[White "Kalina, Lena"]
[Black "Großmann, Piet"]
[Result "1-0"]
[Termination "normal"]
[Board "7.3"]
[WhiteElo "1718"]
[BlackElo "1904"]
[WhiteClock "00:03:16"]
[BlackClock "00:01:22"]
[WhiteTeam "Saarland & Friends"]
[BlackTeam "Mecklenburg-Vorpommern"]
[PlyCount "81"]
[WhiteFideId "12988014"]
[BlackFideId "16234359"]
[EventCountry "GER"]
[EventRounds "7"]
[EventType "team-swiss"]
[EventDate "2023.09.30"]

1. d4 {[%clk 01:30:57]} {[%emt 00:00:03]} Nf6 {[%clk 01:30:55]} {[%emt
00:00:06]} 2. c4 {[%clk 01:31:23]} {[%emt 00:00:04]} c5 {[%clk 01:31:21]}
{[%emt 00:00:04]} 3. d5 {[%clk 01:31:40]} {[%emt 00:00:13]} e5 {[%clk
01:31:45]} {[%emt 00:00:06]} 4. Nc3 {[%clk 01:27:53]} {[%emt 00:04:16]} d6
{[%clk 01:32:09]} {[%emt 00:00:06]} 5. e4 {[%clk 01:27:11]} {[%emt 00:01:12]}
Be7 {[%clk 01:32:28]} {[%emt 00:00:12]} 6. g3 {[%clk 01:22:39]} {[%emt
00:05:03]} O-O {[%clk 01:32:43]} {[%emt 00:00:14]} 7. Bg2 {[%clk 01:23:03]}
{[%emt 00:00:06]} a6 {[%clk 01:30:22]} {[%emt 00:02:50]} 8. Nge2 {[%clk
01:21:28]} {[%emt 00:02:05]} Nbd7 {[%clk 01:26:00]} {[%emt 00:04:52]} 9. O-O
{[%clk 01:19:45]} {[%emt 00:02:14]} Nh5 {[%clk 01:23:50]} {[%emt 00:02:40]} 10.
f4 {[%clk 01:14:14]} {[%emt 00:06:01]} exf4 {[%clk 01:22:24]} {[%emt 00:01:56]}
11. Nxf4 {[%clk 01:13:22]} {[%emt 00:01:23]} Nxf4 {[%clk 01:17:14]} {[%emt
00:05:40]} 12. gxf4 {[%clk 01:10:17]} {[%emt 00:03:35]} Bf6 {[%clk 00:58:25]}
{[%emt 00:19:18]} 13. Qd3 {[%clk 01:05:07]} {[%emt 00:05:40]} b5 {[%clk
00:40:35]} {[%emt 00:18:20]} 14. cxb5 {[%clk 01:00:18]} {[%emt 00:05:19]} axb5
{[%clk 00:40:18]} {[%emt 00:00:47]} 15. Rf3 {[%clk 00:54:03]} {[%emt 00:06:45]}
b4 {[%clk 00:39:27]} {[%emt 00:01:20]} 16. Ne2 {[%clk 00:51:17]} {[%emt
00:03:16]} g6 {[%clk 00:35:33]} {[%emt 00:04:24]} 17. a3 {[%clk 00:41:12]}
{[%emt 00:10:35]} Nb6 {[%clk 00:25:32]} {[%emt 00:10:31]} 18. Rb1 {[%clk
00:39:14]} {[%emt 00:02:29]} Ra4 {[%clk 00:15:04]} {[%emt 00:10:59]} 19. Qc2
{[%clk 00:35:52]} {[%emt 00:03:52]} Bg4 {[%clk 00:10:57]} {[%emt 00:04:37]} 20.
Rg3 {[%clk 00:33:54]} {[%emt 00:02:28]} Bxe2 {[%clk 00:09:20]} {[%emt
00:02:06]} 21. Qxe2 {[%clk 00:34:15]} {[%emt 00:00:09]} bxa3 {[%clk 00:09:26]}
{[%emt 00:00:24]} 22. Rxa3 {[%clk 00:31:52]} {[%emt 00:02:53]} Bd4+ {[%clk
00:09:08]} {[%emt 00:00:48]} 23. Kh1 {[%clk 00:29:17]} {[%emt 00:03:05]} Rb4
{[%clk 00:09:10]} {[%emt 00:00:28]} 24. Bd2 {[%clk 00:23:37]} {[%emt 00:06:10]}
Ra4 {[%clk 00:07:56]} {[%emt 00:01:44]} 25. Rxa4 {[%clk 00:22:37]} {[%emt
00:01:30]} Nxa4 {[%clk 00:08:20]} {[%emt 00:00:06]} 26. b4 {[%clk 00:22:15]}
{[%emt 00:00:52]} Nc3 {[%clk 00:05:32]} {[%emt 00:03:17]} 27. Bxc3 {[%clk
00:22:38]} {[%emt 00:00:08]} Bxc3 {[%clk 00:06:00]} {[%emt 00:00:03]} 28. bxc5
{[%clk 00:22:34]} {[%emt 00:00:34]} dxc5 {[%clk 00:06:26]} {[%emt 00:00:04]}
29. e5 {[%clk 00:21:28]} {[%emt 00:01:36]} Qh4 {[%clk 00:04:35]} {[%emt
00:02:21]} 30. Qe3 {[%clk 00:19:48]} {[%emt 00:02:10]} Bd4 {[%clk 00:04:27]}
{[%emt 00:00:38]} 31. Qg3 {[%clk 00:19:11]} {[%emt 00:01:06]} Qh5 {[%clk
00:03:52]} {[%emt 00:01:05]} 32. Qf3 {[%clk 00:18:07]} {[%emt 00:01:34]} Qf5
{[%clk 00:03:36]} {[%emt 00:00:47]} 33. Qe4 {[%clk 00:17:49]} {[%emt 00:00:48]}
Qd7 {[%clk 00:02:34]} {[%emt 00:01:31]} 34. d6 {[%clk 00:16:37]} {[%emt
00:01:42]} Qa7 {[%clk 00:02:20]} {[%emt 00:00:44]} 35. f5 {[%clk 00:11:53]}
{[%emt 00:05:14]} Re8 {[%clk 00:01:15]} {[%emt 00:01:35]} 36. e6 {[%clk
00:08:49]} {[%emt 00:03:34]} gxf5 {[%clk 00:00:42]} {[%emt 00:01:03]} 37. d7
{[%clk 00:07:30]} {[%emt 00:01:49]} Rb8 {[%clk 00:00:41]} {[%emt 00:00:31]} 38.
e7 {[%clk 00:02:32]} {[%emt 00:05:28]} Rxb1+ {[%clk 00:00:39]} {[%emt
00:00:32]} 39. Qxb1 {[%clk 00:02:56]} {[%emt 00:00:06]} Qxd7 {[%clk 00:00:59]}
{[%emt 00:00:10]} 40. Qb8+ {[%clk 00:03:05]} {[%emt 00:00:21]} Kg7 {[%clk
00:01:22]} {[%emt 00:00:08]} 41. e8=Q {[%clk 00:03:16]} {[%emt 00:00:18]} 1-0

[Event "Deutsche Ländermeisterschaft 2023"]
[Site "Hannover GER"]
[Date "2023.10.03"]
[Round "5"]
[White "Schulz, Bruno Andreas"]
[Black "Unbehend, Marius"]
[Result "1/2-1/2"]
[Termination "normal"]
[Board "7.4"]
[WhiteElo "1737"]
[BlackElo "1595"]
[WhiteClock "00:55:38"]
[BlackClock "00:27:08"]
[WhiteTeam "Mecklenburg-Vorpommern"]
[BlackTeam "Saarland & Friends"]
[PlyCount "56"]
[WhiteFideId "34618473"]
[BlackFideId "16214420"]
[EventCountry "GER"]
[EventRounds "7"]
[EventType "team-swiss"]
[EventDate "2023.09.30"]

1. d4 {[%clk 01:30:56]} {[%emt 00:00:03]} e6 {[%clk 01:30:49]} {[%emt
00:00:11]} 2. c4 {[%clk 01:31:20]} {[%emt 00:00:06]} f5 {[%clk 01:31:13]}
{[%emt 00:00:07]} 3. Nf3 {[%clk 01:31:21]} {[%emt 00:00:29]} d5 {[%clk
01:30:32]} {[%emt 00:01:11]} 4. Nc3 {[%clk 01:31:17]} {[%emt 00:00:34]} Nf6
{[%clk 01:30:52]} {[%emt 00:00:11]} 5. Bf4 {[%clk 01:30:34]} {[%emt 00:01:12]}
Bd6 {[%clk 01:31:10]} {[%emt 00:00:12]} 6. Bxd6 {[%clk 01:29:18]} {[%emt
00:01:46]} Qxd6 {[%clk 01:31:32]} {[%emt 00:00:08]} 7. e3 {[%clk 01:29:42]}
{[%emt 00:00:06]} O-O {[%clk 01:30:36]} {[%emt 00:01:27]} 8. Be2 {[%clk
01:29:07]} {[%emt 00:01:04]} Ne4 {[%clk 01:28:22]} {[%emt 00:02:43]} 9. O-O
{[%clk 01:28:22]} {[%emt 00:01:15]} c6 {[%clk 01:28:46]} {[%emt 00:00:08]} 10.
Qc2 {[%clk 01:27:00]} {[%emt 00:01:51]} Nd7 {[%clk 01:28:47]} {[%emt 00:00:30]}
11. Rad1 {[%clk 01:26:15]} {[%emt 00:01:14]} Rf6 {[%clk 01:28:20]} {[%emt
00:00:56]} 12. cxd5 {[%clk 01:24:29]} {[%emt 00:02:17]} exd5 {[%clk 01:28:23]}
{[%emt 00:00:27]} 13. Ne5 {[%clk 01:18:25]} {[%emt 00:06:34]} Nxe5 {[%clk
01:27:22]} {[%emt 00:01:32]} 14. dxe5 {[%clk 01:18:46]} {[%emt 00:00:09]} Qxe5
{[%clk 01:27:45]} {[%emt 00:00:07]} 15. f4 {[%clk 01:17:41]} {[%emt 00:01:34]}
Qe7 {[%clk 01:24:07]} {[%emt 00:04:08]} 16. Rf3 {[%clk 01:15:08]} {[%emt
00:03:03]} Rh6 {[%clk 01:18:55]} {[%emt 00:05:43]} 17. Bf1 {[%clk 01:13:09]}
{[%emt 00:02:28]} Be6 {[%clk 01:15:58]} {[%emt 00:03:28]} 18. a3 {[%clk
01:06:23]} {[%emt 00:07:16]} Bf7 {[%clk 01:07:40]} {[%emt 00:08:47]} 19. Nxe4
{[%clk 01:06:03]} {[%emt 00:00:50]} fxe4 {[%clk 01:04:18]} {[%emt 00:03:52]}
20. Rf2 {[%clk 01:02:15]} {[%emt 00:04:17]} Rd8 {[%clk 01:01:13]} {[%emt
00:03:35]} 21. Qc3 {[%clk 00:59:24]} {[%emt 00:03:22]} Rdd6 {[%clk 00:53:20]}
{[%emt 00:08:24]} 22. f5 {[%clk 00:58:13]} {[%emt 00:01:40]} Qh4 {[%clk
00:43:24]} {[%emt 00:10:27]} 23. Qe5 {[%clk 00:55:37]} {[%emt 00:03:04]} Qf6
{[%clk 00:37:57]} {[%emt 00:05:58]} 24. Qg3 {[%clk 00:55:16]} {[%emt 00:00:51]}
Qh4 {[%clk 00:28:33]} {[%emt 00:09:53]} 25. Qe5 {[%clk 00:55:01]} {[%emt
00:00:46]} Qf6 {[%clk 00:28:52]} {[%emt 00:00:11]} 26. Qg3 {[%clk 00:54:58]}
{[%emt 00:00:32]} Qh4 {[%clk 00:28:29]} {[%emt 00:00:53]} 27. Qe5 {[%clk
00:55:18]} {[%emt 00:00:11]} Qf6 {[%clk 00:27:03]} {[%emt 00:01:56]} 28. Qg3
{[%clk 00:55:38]} {[%emt 00:00:09]} Qh4 {[%clk 00:27:08]} {[%emt 00:00:25]}
1/2-1/2

[Event "Deutsche Ländermeisterschaft 2023"]
[Site "Hannover GER"]
[Date "2023.10.03"]
[Round "5"]
[White "Mukazhanov, Mansur"]
[Black "Köpnick, Amanda"]
[Result "1-0"]
[Termination "normal"]
[Board "7.5"]
[WhiteElo "1761"]
[BlackElo "1333"]
[WhiteClock "01:04:59"]
[BlackClock "00:02:04"]
[WhiteTeam "Saarland & Friends"]
[BlackTeam "Mecklenburg-Vorpommern"]
[PlyCount "77"]
[WhiteFideId "13752324"]
[BlackFideId "34618538"]
[EventCountry "GER"]
[EventRounds "7"]
[EventType "team-swiss"]
[EventDate "2023.09.30"]

1. e4 {[%clk 01:30:57]} {[%emt 00:00:02]} e5 {[%clk 01:30:56]} {[%emt
00:00:06]} 2. Nf3 {[%clk 01:31:21]} {[%emt 00:00:06]} Nc6 {[%clk 01:31:11]}
{[%emt 00:00:14]} 3. d4 {[%clk 01:31:47]} {[%emt 00:00:03]} exd4 {[%clk
01:31:35]} {[%emt 00:00:07]} 4. Nxd4 {[%clk 01:32:13]} {[%emt 00:00:04]} Bc5
{[%clk 01:31:56]} {[%emt 00:00:08]} 5. Nxc6 {[%clk 01:32:35]} {[%emt 00:00:06]}
bxc6 {[%clk 01:31:57]} {[%emt 00:00:31]} 6. Nc3 {[%clk 01:32:55]} {[%emt
00:00:09]} Qf6 {[%clk 01:29:03]} {[%emt 00:03:25]} 7. Qf3 {[%clk 01:33:17]}
{[%emt 00:00:08]} d6 {[%clk 01:22:51]} {[%emt 00:06:42]} 8. Be3 {[%clk
01:33:10]} {[%emt 00:00:36]} Bxe3 {[%clk 01:21:21]} {[%emt 00:02:02]} 9. Qxe3
{[%clk 01:33:08]} {[%emt 00:00:30]} Ne7 {[%clk 01:21:26]} {[%emt 00:00:27]} 10.
Bd3 {[%clk 01:32:56]} {[%emt 00:00:41]} O-O {[%clk 01:20:15]} {[%emt 00:01:41]}
11. O-O {[%clk 01:32:33]} {[%emt 00:00:52]} Ng6 {[%clk 01:11:08]} {[%emt
00:09:38]} 12. Rae1 {[%clk 01:30:30]} {[%emt 00:02:32]} Re8 {[%clk 01:08:44]}
{[%emt 00:02:55]} 13. f4 {[%clk 01:29:53]} {[%emt 00:01:07]} Bd7 {[%clk
01:06:18]} {[%emt 00:02:55]} 14. Bc4 {[%clk 01:28:44]} {[%emt 00:01:40]} c5
{[%clk 01:02:34]} {[%emt 00:04:14]} 15. Nd5 {[%clk 01:27:28]} {[%emt 00:01:45]}
Qd8 {[%clk 01:02:12]} {[%emt 00:00:52]} 16. Rf3 {[%clk 01:26:40]} {[%emt
00:01:18]} c6 {[%clk 01:00:27]} {[%emt 00:02:16]} 17. Nc3 {[%clk 01:19:23]}
{[%emt 00:07:47]} d5 {[%clk 00:57:45]} {[%emt 00:03:13]} 18. Nxd5 {[%clk
01:19:32]} {[%emt 00:00:20]} cxd5 {[%clk 00:57:51]} {[%emt 00:00:25]} 19. Bxd5
{[%clk 01:19:57]} {[%emt 00:00:05]} Rc8 {[%clk 00:55:05]} {[%emt 00:03:15]} 20.
Rd1 {[%clk 01:19:33]} {[%emt 00:00:54]} Qc7 {[%clk 00:49:58]} {[%emt 00:05:37]}
21. f5 {[%clk 01:19:15]} {[%emt 00:00:49]} Nh4 {[%clk 00:45:13]} {[%emt
00:05:16]} 22. Rf4 {[%clk 01:18:32]} {[%emt 00:01:12]} Nxf5 {[%clk 00:43:57]}
{[%emt 00:01:46]} 23. Qf2 {[%clk 01:16:27]} {[%emt 00:02:35]} Nh6 {[%clk
00:37:33]} {[%emt 00:06:54]} 24. Bxf7+ {[%clk 01:16:19]} {[%emt 00:00:37]} Nxf7
{[%clk 00:35:55]} {[%emt 00:02:09]} 25. Rxf7 {[%clk 01:16:41]} {[%emt
00:00:08]} Rcd8 {[%clk 00:34:45]} {[%emt 00:01:40]} 26. e5 {[%clk 01:13:05]}
{[%emt 00:04:06]} Qc6 {[%clk 00:28:11]} {[%emt 00:07:04]} 27. Rd6 {[%clk
01:12:45]} {[%emt 00:00:49]} Qb5 {[%clk 00:26:01]} {[%emt 00:02:40]} 28. c4
{[%clk 01:11:25]} {[%emt 00:01:50]} Qxc4 {[%clk 00:16:06]} {[%emt 00:10:26]}
29. Rdxd7 {[%clk 01:10:57]} {[%emt 00:00:58]} Rxd7 {[%clk 00:16:27]} {[%emt
00:00:09]} 30. Rxd7 {[%clk 01:11:19]} {[%emt 00:00:08]} Rf8 {[%clk 00:16:04]}
{[%emt 00:00:55]} 31. Qe1 {[%clk 01:11:30]} {[%emt 00:00:18]} Qxa2 {[%clk
00:15:03]} {[%emt 00:01:30]} 32. h3 {[%clk 01:09:04]} {[%emt 00:02:56]} Qe6
{[%clk 00:12:21]} {[%emt 00:03:12]} 33. Rd6 {[%clk 01:08:51]} {[%emt 00:00:43]}
Qe7 {[%clk 00:11:33]} {[%emt 00:01:18]} 34. Qe2 {[%clk 01:06:50]} {[%emt
00:02:31]} Re8 {[%clk 00:08:47]} {[%emt 00:03:17]} 35. Qc4+ {[%clk 01:07:09]}
{[%emt 00:00:11]} Kf8 {[%clk 00:08:24]} {[%emt 00:00:53]} 36. Rd5 {[%clk
01:05:54]} {[%emt 00:01:45]} Rc8 {[%clk 00:04:29]} {[%emt 00:04:25]} 37. e6
{[%clk 01:04:31]} {[%emt 00:01:53]} g6 {[%clk 00:03:24]} {[%emt 00:01:35]} 38.
Rd7 {[%clk 01:04:40]} {[%emt 00:00:21]} Qg5 {[%clk 00:02:04]} {[%emt 00:01:50]}
39. Qf1+ {[%clk 01:04:59]} {[%emt 00:00:10]} 1-0